Riconosci lo Stato - Quiz n°83 - Statistics

Statistiche generali
  • Questo quiz è stato fatto 42 volte
  • Il punteggio medio è 9 su 13
Statistiche sulle risposte
Indizio Risposta % Corretto
Iniziale della Capitale G
89%
Valuta Dollaro
86%
Presidente della Repubblica Irfaan Ali
86%
Fuso Orario UTC-4
86%
Primo ministro Mark Phillips
81%
Indipendenza 26 maggio 1966, dal Regno Unito
78%
Popolazione 750 204 ab.
75%
Superficie 214 970 km²
67%
PIL (nominale) 2 828 milioni di $
64%
Forma di Governo Repubblica presidenziale mista
64%
ISU 0,638
61%
Tasso di crescita 0,5%
56%
Risposta Guyana
50%
Nessun quiz corrispondente trovato
Distribuzione punteggi
Percentuale di utenti per punteggio
Percentile per numero di risposta
I tuoi punteggi nel tempo
Non hai fatto questo quiz